LEADER 01462nam a2200313 i 4500 001 000000171989 003 CaOOAMICUS 005 20080520000000.0 008 080520s2008 it u000 u ita u 013 $a149425 020 $a978-88-399-0833-9 040 $aSeMil$bita 100 1 $aSchneider, Theodor,$d<1930- >.$0(OLS)http://semarc/name/2571 240 10$aSieben heilige Feiern.$0(OLS)http://semarc/title/246185 245 10$aSette sante celebrazioni :$bbreve teologia dei sacramenti /$cTheodor Schneider, Martina Patenge ; [traduzione dal tedesco di Donald De Marco]. 260 $aBrescia :$bQueriniana,$c2008. 300 $a229 p. ;$c20 cm. 490 0 $aGiornale di teologia ;$v333 650 4$aTeologia sacramentaria.$0(OLS)http://semarc/subject/749 650 4$aLiturgia - Sacramenti.$0(OLS)http://semarc/subject/527 700 1 $aDe Marco, Donald.$0(OLS)http://semarc/name/64339 700 1 $aPatenge, Martina <1956- >.$0(OLS)http://semarc/name/64338 830 0$aGiornale di teologia ;$v333.$0(OLS)http://semarc/title/419620 850 $aSeMil 852 $aSeMil$W1$xVenegono$y1$m2M III 733$j122852$B122852$CSeMilBibl$Z2$F134195 $81 961 $aSottoscrizione: Queriniana 996 $6020$a978-88-399-0833-9$9(OLS)http://semarc/number/159269 996 $6245$aSette sante celebrazioni :$bbreve teologia dei sacramenti$9(OLS)http://semarc/title/246184 996 $6260$aBrescia :$bQueriniana$9(OLS)http://semarc/publisher/29615 LEADER 01019nam a2200229 4500 001 000000350338 003 CaOOAMICUS 005 20220519093753.0 008 220519s1968 it 000 u ita r 040 $aSeMil$bita 100 1 $aCole, George Douglas Howard.$0(OLS)http://semarc/name/14397 240 10$aCommunism and social democracy, 1914-1931.$0(OLS)http://semarc/title/440042 245 10$a4.2: Comunismo e socialdemocrazia, 1914-1931. Parte seconda /$cG. D. H. Cole. 264 1$aBari :$bLaterza,$c1968. 300 $a566 p. ;$c22 cm 500 $aTrad. di Luca Trevisani 773 0 $aCole, George Douglas Howard$tStoria del pensiero socialista.$dBari : Laterza$kCollezione storica$g4.2$w()31118 850 $aSeMil 852 $aSeMil$W1$xVenegono$y1$m3N I 238$j232740$B241383$CSeMilBibl$Z2$F241383 $81 996 $6245$a4.2: Comunismo e socialdemocrazia, 1914-1931. Parte seconda$9(OLS)http://semarc/title/440043 996 $6264$aBari :$bLaterza$9(OLS)http://semarc/publisher/29858 LEADER 01331nam a2200289 i 4500 001 000000115038 003 CaOOAMICUS 005 20030509000000.0 008 030509s1992 it u000 u ita u 013 $a87726 020 $a88-372-1460-X 040 $aSeMil$bita 100 1 $aErnst, Josef <1926-2012>.$0(OLS)http://semarc/name/3368 240 10$aMatthäus : ein theologisches Portrait.$0(OLS)http://semarc/title/168348 245 10$aMatteo :$bun ritratto teologico /$cJosef Ernst. 260 $aBrescia :$bMorcelliana,$c1992. 300 $a190 p. ;$c22 cm. 500 $aContiene : Appendice ; Bibliografia ; Indice dei testi matteani nelle letture correnti dell'anno liturgico A. - Fondo Card. C.M. Martini. 650 4$aBibbia. Nuovo Testamento. Vangelo secondo Matteo - Commentari, studi, critica, interpretazioni.$0(OLS)http://semarc/subject/32 650 4$aTeologia biblica - NT.$0(OLS)http://semarc/subject/595 850 $aSeMil 852 $aSeMil$W1$xVenegono$y1$m2V VII 107$j270608$B70576$CSeMilBibl$Z2$F82781 $81 941 1 $a4 961 $aOmaggio: Martini Card. Carlo Maria 996 $6020$a88-372-1460-X$9(OLS)http://semarc/number/98631 996 $6245$aMatteo :$bun ritratto teologico$9(OLS)http://semarc/title/168347 996 $6260$aBrescia :$bMorcelliana$9(OLS)http://semarc/publisher/29629